Les 100 adjectifs les plus utilisés - Statistiques

Statistiques générales
  • Ce quiz a été pris 353 fois
  • Le résultat moyen est 19 sur 100
Statistiques - réponses
Fréquence Adjectif % Correct
9870 beau
91%
25388 grand
82%
19008 petit
82%
3576 rouge
67%
4537 gros
66%
2906 bleu
65%
6246 blanc
64%
7038 noir
64%
2081 vert
64%
1360 jaune
61%
11483 bon
51%
2301 joli
51%
5562 long
42%
1952 gris
39%
3250 froid
37%
2570 mauvais
37%
2851 fort
36%
9515 vieux
35%
12593 jeune
31%
1386 court
30%
4355 doux
30%
4332 heureux
29%
2307 triste
29%
1934 faible
26%
3953 haut
26%
3125 propre
26%
1792 large
25%
5087 bas
24%
2158 léger
24%
1418 nu
24%
1422 lourd
23%
1921 difficile
20%
6059 cher
19%
5434 pauvre
18%
5413 plein
18%
2048 riche
18%
5385 vrai
18%
1526 énorme
17%
1527 faux
17%
1438 vide
17%
7019 nouveau
16%
1379 frais
15%
1369 mort
15%
1679 moyen
15%
1638 sec
15%
2704 simple
14%
1751 vivant
14%
2165 fou
13%
3234 sombre
13%
3190 ancien
12%
3299 français
12%
2948 immense
12%
1578 ouvert
12%
1813 prêt
12%
3211 sûr
12%
13104 seul
11%
6650 dernier
10%
1756 juste
10%
1571 meilleur
10%
11731 premier
10%
2147 libre
9%
2380 certain
7%
2218 terrible
7%
1675 unique
7%
2046 étrange
6%
2416 important
6%
3013 possible
6%
3878 profond
6%
47221 tout
6%
1733 vif
6%
2254 différent
5%
1856 grave
5%
3393 humain
5%
1818 impossible
5%
1506 puissant
5%
1431 second
5%
14688 autre
4%
16081 même
4%
2914 pareil
4%
10343 quel
4%
2717 entier
3%
2020 naturel
3%
2118 pur
3%
1384 semblable
3%
1676 tranquille
3%
1419 vaste
3%
3054 politique
2%
2929 public
2%
1366 étranger
1%
3337 général
1%
1497 inconnu
1%
2077 moindre
1%
2654 nécessaire
1%
1446 particulier
1%
1649 supérieur
1%
5258 toute
1%
1422 véritable
1%
1489 beaux
0%
1769 immobile
0%
2510 social
0%
Aucun quiz correspondant
Distribution des résultats
% des personnes avec chaque résultat
Percentile par nombre de réponses
Votre historique - résultats
Vous n’avez pas pris ce quiz